000 00625nam a2200169 a 4500
001 000220571
003 AM-YEHGA
005 20250617163831.0
008 030425s1962 ai r 000 0 rus d
040 _aAM-YeHGA
100 1 _aВаханский, Евгений Михайлович
245 1 0 _aВласть народная :
_bСоветы на пути к коммунистическому самоуправлению /
_cЕ. Ваханский.
260 _aЛ. :
_bЛениздат,
_c1962.
300 _a61 с.
650 1 4 _aУправление. Административное право
090 _c516968
999 _c513453
_d513453